| 000 | 00898nam a2200241 i 4500 | ||
|---|---|---|---|
| 001 | 33769 | ||
| 003 | ES-MaACL | ||
| 005 | 20251004063055.0 | ||
| 007 | t| | ||
| 008 | 030203s1903 sp f |||| | spa d | ||
| 080 | _a821.134.2(729.1)-4"18" | ||
| 100 | 1 |
_aBobadilla, Emilio, _d1868-1921 _929641 |
|
| 245 | 1 | 0 |
_aAl través de mis nervios _b: (crítica y sátira) / _cEmilio Bobadilla (Fray Candil). |
| 260 |
_aBarcelona : _b[s.n., _c1903] ( _fHenrich y Cª) |
||
| 300 |
_a250 p., 1 lám. ; _c19 cm. |
||
| 490 | 1 | _aBiblioteca de escritores contemporáneos | |
| 530 | _aDisponible también en sitio web. | ||
| 830 | 0 | _aBiblioteca de escritores contemporáneos | |
| 852 |
_aES-MaACL _jG-7565 _cDEPO2 _zRevisado enlace: 1 de junio 2025 |
||
| 856 | 4 |
_uhttps://catalogo.bne.es/permalink/34BNE_INST/f0qo1i/alma991021184029708606 _yIr a la página |
|
| 942 | _2udc | ||
| 999 |
_c33769 _d33769 |
||